1920 1487 1175 1144 1864 1844 1555 1736 1475 1730 1828 1769 1204 1492 1536 1357 1347 1246 1766 1513 1331 1322 1873 1489 1409 1873 1756 1359 1571 1431 1360 1561 1631 1230 1199 1025 1100 1415 1405 1320 1123 1051 1834 1840 1261 1510 1057 1329 1880 1085 1303 1609 1458 1377 1930 1678 1890 1933 1139 1127 1042 1022 1710 1789 1911 1668 1985 1617 1301 1305 1691 1283 1712 1304 1988 1251 1069 1129 1624 1367 1793 1748 1311 1219 1359 1843 1509 1630 1341 1070 1365 1359 1595 1213 1407 1753 1616 1977 1866 BCNSPRNW ULIB Ver.6.0+V

เปลี่ยนเป็นภาษาไทย

Change to English
 แสดงรายละเอียดบรรณานุกรม
  กลับหน้าหลัก

Brief Record : Get Marc (ISO 2709) : E-mail record : QR code < ปิดหน้าต่าง
LEADER : 00000nam 2200000uu 4500
001    13399114543
003     ULIB
008    120412s2552||||th 000 0 tha d
020    ^a9786117123160
090    ^aนว.^bห366ศ 2552
100 0  ^aหวานตา
245 00 ^aศิริลักษมีดารานางผู้เป็นที่รัก/^cหวานตา
250    ^aพิมพ์ครั้งที่ 1
260    ^aกรุงเทพฯ :^bกรีนมายด์,^c2552
300    ^a266 หน้า
945    ^p199^l0^i16093
995    ^aกัณชพร
999    ^aใช้งานได้ทุกระบบ
รายการนี้ยังไม่มีแท็ก
คุณยังไม่ได้ล็อกอิน คุณสามารถมีกิจกรรมร่วมกับเว็บไซต์ได้ แต่ต้องล็อกอินก่อน ::
  ล็อกอิน

รายการสื่อสารสนเทศ

ลำดับที่ ประเภท เลขเรียก/บาร์โค้ด สถานที่ สถานะ
1. วิทยาศาสตร์การแพทย์ และสุขภาพ
วิทยาศาสตร์การแพทย์ และสุขภาพ
นว. ห366ศ 2552  
  Barcode: 16093
ห้องสมุดวิทยาเขตสวรรค์ประชารักษ์
►นวนิยาย
บนชั้น
  ขอยืม

BibComment


ยังไม่เคยถูกคอมเมนท์

คอมเมนท์ทรัพยากรรายการนี้
  คอมเมนท์: ศิริลักษมีดารานา..


 Copyright 2026. Bcnsprnw @Library